[Event "Chigorin Memorial 29th"]
[Site "St Petersburg"]
[Date "2022.10.29"]
[Round "8"]
[White "Ismagilov, Damir"]
[Black "Sapegin, Yaroslav"]
[Result "1-0"]
[WhiteElo "2196"]
[BlackElo "2002"]
[PlyCount "53"]
[EventDate "2022.10.22"]
[EventType "swiss"]
[EventRounds "9"]
[EventCountry "RUS"]
[SourceTitle "EXT 2024"]
[Source "ChessBase"]
[SourceDate "2023.10.10"]
[SourceVersion "1"]
[SourceVersionDate "2023.10.10"]
[SourceQuality "1"]

1. Nf3 Nf6 2. c4 e6 3. e3 d5 4. Nc3 c5 5. cxd5 Nxd5 6. d4 Nc6 7. Bd3 cxd4 8. exd4 Bb4 9. Bd2 Qa5 10. Qc2 Bd7 11. 0-0 Nce7 12. a3 Bxc3 13. bxc3 Qa4 14. Qb2 0-0 15. c4 Nb6 16. Bb4 Rfe8 17. Ne5 Ng6 18. f4 Red8 19. Bc5 Qa6 20. Qf2 Be8 21. Bxg6 hxg6 22. Qh4 f6 23. Rf3 Nd7 24. Rh3 fxe5 25. fxe5 Qxc4 26. Qh8+ Kf7 27. Rf3+ 1-0

[Event "Chigorin Memorial 29th"]
[Site "St Petersburg"]
[Date "2022.10.28"]
[Round "7"]
[White "Sapegin, Yaroslav"]
[Black "Zadorozhy, Egor"]
[Result "1-0"]
[WhiteElo "2002"]
[BlackElo "1633"]
[PlyCount "67"]
[EventDate "2022.10.22"]
[EventType "swiss"]
[EventRounds "9"]
[EventCountry "RUS"]
[SourceTitle "EXT 2024"]
[Source "ChessBase"]
[SourceDate "2023.10.10"]
[SourceVersion "1"]
[SourceVersionDate "2023.10.10"]
[SourceQuality "1"]

1. d4 Nf6 2. c4 g6 3. g3 Bg7 4. Bg2 d6 5. Nc3 0-0 6. Nf3 c5 7. d5 e6 8. 0-0 exd5 9. cxd5 a6 10. a4 Re8 11. Nd2 Nbd7 12. Nc4 Ne5 13. Na3 Rb8 14. e4 Kh8 15. f4 Ned7 16. Nc4 Qc7 17. e5 dxe5 18. fxe5 Nxe5 19. Nxe5 Rxe5 20. Bf4 Nh5 21. d6 Qd7 22. Bxe5 Bxe5 23. Qd5 Bd4+ 24. Kh1 Nf6 25. Qb3 Kg7 26. Qb6 Ne8 27. Ne4 f5 28. Nxc5 Qxd6 29. Qxd6 Nxd6 30. Nd3 Be6 31. Rac1 Bc4 32. Rf4 Bxd3 33. Rxd4 Ne4 34. Kg1 1-0

[Event "Chigorin Memorial 29th"]
[Site "St Petersburg"]
[Date "2022.10.27"]
[Round "6"]
[White "Nasyrova, Ekaterina"]
[Black "Sapegin, Yaroslav"]
[Result "1-0"]
[WhiteElo "2056"]
[BlackElo "2002"]
[PlyCount "101"]
[EventDate "2022.10.22"]
[EventType "swiss"]
[EventRounds "9"]
[EventCountry "RUS"]
[SourceTitle "EXT 2024"]
[Source "ChessBase"]
[SourceDate "2023.10.10"]
[SourceVersion "1"]
[SourceVersionDate "2023.10.10"]
[SourceQuality "1"]

1. d4 Nf6 2. c4 e6 3. g3 d5 4. Nf3 Bb4+ 5. Bd2 Be7 6. Bg2 0-0 7. 0-0 c6 8. Qc2 b6 9. Bf4 Bb7 10. Nbd2 Na6 11. e4 Nb4 12. Qb1 dxc4 13. a3 Nd3 14. Bg5 c5 15. e5 Nd5 16. Nxc4 Nxe5 17. dxe5 Bxg5 18. Nxg5 Qxg5 19. f4 Qh6 20. Nd6 Ba6 21. Rd1 f6 22. Rxd5 exd5 23. Bxd5+ Kh8 24. Bxa8 fxe5 25. Qd1 Qf6 26. Bg2 exf4 27. gxf4 Qxb2 28. Nf7+ Kg8 29. Ne5 Kh8 30. Rb1 Qd4+ 31. Qxd4 cxd4 32. Bf1 Bxf1 33. Rxf1 g6 34. Kg2 Rc8 35. Rd1 Rc3 36. Rd3 b5 37. Kf3 a5 38. Ke4 b4 39. axb4 axb4 40. Rxd4 b3 41. Rb4 Rc2 42. Rb8+ Kg7 43. Rb7+ Kg8 44. h4 b2 45. Ng4 Kf8 46. Nf6 h6 47. Ke5 g5 48. hxg5 hxg5 49. fxg5 Rf2 50. Ke6 Re2+ 51. Kf5 1-0

[Event "Chigorin Memorial 29th"]
[Site "St Petersburg"]
[Date "2022.10.22"]
[Round "1"]
[White "Sapegin, Yaroslav"]
[Black "Khanmamedli, Tamerlan"]
[Result "1-0"]
[WhiteElo "2002"]
[BlackElo "1338"]
[PlyCount "89"]
[EventDate "2022.10.22"]
[EventType "swiss"]
[EventRounds "9"]
[EventCountry "RUS"]
[SourceTitle "EXT 2024"]
[Source "ChessBase"]
[SourceDate "2023.10.10"]
[SourceVersion "1"]
[SourceVersionDate "2023.10.10"]
[SourceQuality "1"]

1. d4 Nf6 2. c4 g6 3. g3 Bg7 4. Bg2 d6 5. Nc3 0-0 6. Nf3 Nc6 7. 0-0 e5 8. dxe5 dxe5 9. Qxd8 Rxd8 10. Bg5 Be6 11. Nd2 h6 12. Bxf6 Bxf6 13. Nd5 Bxd5 14. Bxd5 Nb4 15. Ne4 Be7 16. Nc3 Nxd5 17. cxd5 Bb4 18. Rac1 Bxc3 19. Rxc3 Rxd5 20. Rxc7 Rb8 21. f4 e4 22. Kf2 a5 23. Ke3 b5 24. Rfc1 Rbd8 25. Re7 Rd2 26. Rcc7 Rxb2 27. Rxf7 Rdd2 28. Rg7+ Kf8 29. Rcf7+ Ke8 30. Ra7 Rxe2+ 31. Kd4 Kf8 32. Rgb7 Red2+ 33. Ke5 Rd8 34. Rf7+ Kg8 35. Rg7+ Kh8 36. Rh7+ Kg8 37. Rag7+ Kf8 38. Rxg6 e3 39. Rh8+ Kf7 40. Rf6+ Kg7 41. Rxd8 e2 42. Rd7+ Kg8 43. Rg6+ Kf8 44. Kf6 e1Q 45. Rf7+ 1-0

[Event "RUS-chT2"]
[Site "Sochi"]
[Date "2021.05.04"]
[Round "4.3"]
[White "Radzhabov, Rodion"]
[Black "Sapegin, Yaroslav"]
[Result "1-0"]
[WhiteElo "2360"]
[BlackElo "2020"]
[PlyCount "125"]
[EventDate "2021.05.01"]
[EventType "team-swiss"]
[EventRounds "9"]
[EventCountry "RUS"]
[SourceTitle "CBM 202 Extra"]
[Source "ChessBase"]
[SourceDate "2021.07.31"]
[SourceVersion "1"]
[SourceVersionDate "2021.07.31"]
[SourceQuality "1"]
[WhiteTeam "Cheliabinsk Yuzhnyy Ural"]
[BlackTeam "St Petersburg Vasileostrovsky"]
[WhiteTeamCountry "RUS"]
[BlackTeamCountry "RUS"]

1. Nf3 Nc6 2. d4 d5 3. g3 Bf5 4. Bg2 Qd7 5. 0-0 Bh3 6. c3 Bxg2 7. Kxg2 e6 8. Nbd2 Nf6 9. Qc2 Bd6 10. e4 Nxe4 11. Nxe4 dxe4 12. Qxe4 0-0-0 13. Re1 h6 14. b4 Ne7 15. Bb2 Qc6 16. Qe2 Qa4 17. a3 Rhe8 18. c4 c6 19. Qd1 Qxd1 20. Raxd1 g6 21. Bc1 Ng8 22. h4 b5 23. cxb5 cxb5 24. d5 a6 25. dxe6 Rxe6 26. Rxe6 fxe6 27. Bb2 Be7 28. Rc1+ Kb7 29. Nd4 Rd6 30. Nb3 Bf6 31. Nc5+ Kb6 32. Bxf6 Nxf6 33. Kf3 e5 34. Rc3 g5 35. hxg5 hxg5 36. Re3 Rd5 37. Ne4 g4+ 38. Ke2 Nd7 39. f3 gxf3+ 40. Kxf3 a5 41. bxa5+ Kxa5 42. g4 b4 43. g5 Nf8 44. Kg4 bxa3 45. Rxa3+ Kb4 46. Ra8 Ng6 47. Kf5 Nh4+ 48. Kg4 Ng6 49. Ra6 Nf4 50. Kf5 Kc4 51. Ra4+ Kb3 52. Ra7 Kc2 53. Ra3 Kb2 54. Re3 Ra5 55. Nd6 Rc5 56. Rxe5 Rxe5+ 57. Kxe5 Ng6+ 58. Kf6 Nf4 59. Kf5 Nd5 60. Nc8 Ne3+ 61. Kf4 Ng2+ 62. Kg3 Ne3 63. Ne7 1-0

[Event "Moscow op-A 16th"]
[Site "Moscow"]
[Date "2020.02.01"]
[Round "8"]
[White "Sapegin, Yaroslav"]
[Black "Vetokhin, Savva"]
[Result "0-1"]
[WhiteElo "2008"]
[BlackElo "2113"]
[PlyCount "82"]
[EventDate "2020.01.25"]
[EventType "swiss"]
[EventRounds "9"]
[EventCountry "RUS"]
[SourceTitle "CBM 194 Extra"]
[Source "ChessBase"]
[SourceDate "2020.03.31"]
[SourceVersion "1"]
[SourceVersionDate "2020.03.31"]
[SourceQuality "1"]

1. d4 Nf6 2. c4 e6 3. g3 d5 4. Bg2 dxc4 5. Nf3 a6 6. 0-0 Nc6 7. e3 Rb8 8. Nfd2 e5 9. Bxc6+ bxc6 10. dxe5 Ng4 11. Nxc4 Be6 12. Qxd8+ Rxd8 13. Nbd2 Bb4 14. b3 h5 15. f3 Bxd2 16. Nxd2 Nxe3 17. Rf2 h4 18. g4 Nc2 19. Rb1 Nb4 20. Nf1 Nd3 21. Re2 Bd5 22. Re3 Nf4 23. Re1 Ne6 24. Kf2 0-0 25. Ne3 g6 26. Bb2 Ng5 27. Nxd5 cxd5 28. Rbc1 Ne6 29. Rc6 d4 30. Rd1 a5 31. Rc4 g5 32. Ra4 Rd5 33. Rd2 Rfd8 34. Re2 Nc5 35. Rc4 Nd3+ 36. Kf1 c5 37. Ba3 Nxe5 38. Rxc5 Rxc5 39. Bxc5 d3 40. Rd2 Nxf3 41. Rd1 Nxh2+ 0-1

[Event "Moscow op-A 16th"]
[Site "Moscow"]
[Date "2020.01.25"]
[Round "1"]
[White "Zakaryan, David"]
[Black "Sapegin, Yaroslav"]
[Result "1-0"]
[WhiteElo "2339"]
[BlackElo "2008"]
[PlyCount "137"]
[EventDate "2020.01.25"]
[EventType "swiss"]
[EventRounds "9"]
[EventCountry "RUS"]
[SourceTitle "CBM 194 Extra"]
[Source "ChessBase"]
[SourceDate "2020.03.31"]
[SourceVersion "1"]
[SourceVersionDate "2020.03.31"]
[SourceQuality "1"]

1. d4 d5 2. c4 Bf5 3. cxd5 Bxb1 4. Qa4+ c6 5. dxc6 Nxc6 6. Rxb1 e5 7. Bd2 Qxd4 8. Qxd4 Nxd4 9. e3 Nc6 10. Bb5 a6 11. Bxc6+ bxc6 12. Rc1 Kd7 13. Nf3 f6 14. 0-0 Rb8 15. Rfd1 Bd6 16. a3 Nh6 17. Bb4 Nf7 18. Rc2 Rhd8 19. Ba5 Rdc8 20. Nd2 Rb5 21. Nc4 Ke6 22. a4 Rd5 23. Rdc1 Rb8 24. e4 Rd4 25. f3 Rb3 26. Kf1 Bb4 27. Bxb4 Rxb4 28. Na5 Rd6 29. b3 Nd8 30. Ke2 Kd7 31. Rc3 Ne6 32. g3 Nd4+ 33. Kf2 Re6 34. Rc4 Rb6 35. R1c3 Re8 36. f4 Reb8 37. Kg2 Rg8 38. fxe5 fxe5 39. Rc5 Re8 40. Rd3 Kc7 41. Rc1 Rf8 42. Rc5 Re8 43. h4 Re6 44. Rc1 Rb4 45. Rf1 Rf6 46. Rxf6 gxf6 47. Rc3 Kb6 48. Nc4+ Kc7 49. Nd2 Kd7 50. Kh3 Rb8 51. Kg4 Rg8+ 52. Kh3 Rb8 53. Kg2 Ke7 54. Kf2 Rd8 55. Nf3 Nxf3 56. Kxf3 Rd6 57. Kg4 Kd7 58. Kf5 Kc7 59. g4 Kb6 60. g5 fxg5 61. hxg5 Rg6 62. Rh3 Rg7 63. Kf6 Rg6+ 64. Kf5 Rg7 65. Rh5 Kc5 66. Kf6 Rb7 67. Kxe5 Re7+ 68. Kf6 Rxe4 69. g6+ 1-0

[Event "Chigorin Memorial 27th"]
[Site "St Petersburg"]
[Date "2019.10.11"]
[Round "7"]
[White "Sapegin, Yaroslav"]
[Black "Marinskii, Yurii"]
[Result "1/2-1/2"]
[WhiteElo "1967"]
[BlackElo "2167"]
[PlyCount "74"]
[EventDate "2019.10.05"]
[EventType "swiss"]
[EventRounds "9"]
[EventCountry "RUS"]
[SourceTitle "EXT 2021"]
[Source "ChessBase"]
[SourceDate "2020.10.23"]
[SourceVersion "1"]
[SourceVersionDate "2020.10.23"]
[SourceQuality "1"]

1. d4 d5 2. c4 c6 3. Nf3 Nf6 4. Qc2 a6 5. Bf4 Bg4 6. Ne5 Bh5 7. Qb3 Ra7 8. g4 g5 9. Bxg5 Nxg4 10. Qh3 Nxe5 11. dxe5 Bg6 12. Nc3 Bg7 13. 0-0-0 Qd7 14. cxd5 Qxh3 15. Bxh3 Bxe5 16. Be3 b6 17. Bxb6 Rb7 18. Bd4 Bxd4 19. Rxd4 cxd5 20. Rxd5 e6 21. Ra5 Ke7 22. Rd1 Rc8 23. Bg2 Rb4 24. e3 Rb6 25. h4 h6 26. Bf1 Rbc6 27. Ra3 R8c7 28. Rd4 Rb6 29. Rc4 Rcb7 30. Na4 Rd6 31. Nc5 Rbb6 32. Rb3 Rxb3 33. Nxb3 Rb6 34. Kd2 Bb1 35. Ra4 Bxa2 36. Rxa2 Rxb3 37. Bc4 Rb6 1/2-1/2

[Event "Chigorin Memorial 27th"]
[Site "St Petersburg"]
[Date "2019.10.09"]
[Round "5"]
[White "Sapegin, Yaroslav"]
[Black "Ismagilov, Damir"]
[Result "1-0"]
[WhiteElo "1967"]
[BlackElo "2156"]
[PlyCount "75"]
[EventDate "2019.10.05"]
[EventType "swiss"]
[EventRounds "9"]
[EventCountry "RUS"]
[SourceTitle "EXT 2020"]
[Source "ChessBase"]
[SourceDate "2019.10.17"]
[SourceVersion "1"]
[SourceVersionDate "2019.10.17"]
[SourceQuality "1"]

1. d4 e6 2. c4 d5 3. Nf3 c6 4. Qc2 dxc4 5. Qxc4 Nf6 6. g3 b5 7. Qd3 Bb7 8. Bg2 Nbd7 9. 0-0 Qb6 10. a4 b4 11. Rd1 a5 12. Nbd2 c5 13. Nc4 Qa6 14. Nfe5 Bd5 15. Nxd7 Nxd7 16. Bxd5 exd5 17. Qe3+ Qe6 18. Qf3 Rd8 19. Nxa5 cxd4 20. Nb3 Ne5 21. Qg2 d3 22. exd3 d4 23. Bf4 f6 24. Bxe5 fxe5 25. Nd2 Be7 26. Nc4 0-0 27. Re1 Bf6 28. b3 h5 29. Qe4 h4 30. a5 hxg3 31. fxg3 Bg5 32. Qxe5 Qf7 33. Rf1 Qg6 34. Qe4 Qh6 35. Rxf8+ Rxf8 36. a6 Be3+ 37. Nxe3 dxe3 38. a7 1-0

[Event "Chigorin Memorial 27th"]
[Site "St Petersburg"]
[Date "2019.10.08"]
[Round "4"]
[White "Vetokhina, Sofia"]
[Black "Sapegin, Yaroslav"]
[Result "0-1"]
[WhiteElo "1589"]
[BlackElo "1967"]
[PlyCount "78"]
[EventDate "2019.10.05"]
[EventType "swiss"]
[EventRounds "9"]
[EventCountry "RUS"]
[SourceTitle "EXT 2020"]
[Source "ChessBase"]
[SourceDate "2019.10.17"]
[SourceVersion "1"]
[SourceVersionDate "2019.10.17"]
[SourceQuality "1"]

1. d4 d5 2. c4 Nc6 3. Nc3 dxc4 4. Nf3 Nf6 5. Bg5 Nd5 6. e4 Nxc3 7. bxc3 f6 8. Be3 e5 9. d5 Na5 10. Bxc4 Nxc4 11. Qa4+ Bd7 12. Qxc4 Bd6 13. Qb3 b6 14. c4 0-0 15. Nd2 Qe8 16. 0-0 Qg6 17. Kh1 f5 18. f3 f4 19. Bf2 Qh5 20. c5 bxc5 21. Rac1 Rab8 22. Qc2 Rb5 23. Nb3 Rf6 24. a4 Rh6 25. Bg1 Rb4 26. Nxc5 Be8 27. Qc3 a5 28. Ne6 Bxa4 29. Nxc7 Bd7 30. Rb1 Bf8 31. Rxb4 axb4 32. Qc4 Qg5 33. Na6 Rg6 34. Rf2 h6 35. Rb2 Bh3 36. Qf1 Bxg2+ 37. Qxg2 Qxg2+ 38. Rxg2 Rxg2 39. Kxg2 b3 0-1

[Event "Chigorin Memorial 27th"]
[Site "St Petersburg"]
[Date "2019.10.05"]
[Round "1"]
[White "Sapegin, Yaroslav"]
[Black "Vlasenko, Miroslav"]
[Result "0-1"]
[WhiteElo "1967"]
[BlackElo "2430"]
[PlyCount "60"]
[EventDate "2019.10.05"]
[EventType "swiss"]
[EventRounds "9"]
[EventCountry "RUS"]
[SourceTitle "EXT 2020"]
[Source "ChessBase"]
[SourceDate "2019.10.17"]
[SourceVersion "1"]
[SourceVersionDate "2019.10.17"]
[SourceQuality "1"]

1. d4 f5 2. Nc3 Nf6 3. Bg5 d5 4. Bxf6 exf6 5. e3 c6 6. Qf3 Na6 7. h4 h5 8. Nh3 g5 9. hxg5 fxg5 10. Qg3 Be7 11. Be2 Qc7 12. 0-0-0 Qxg3 13. fxg3 Kf7 14. Nf2 Kg6 15. Nd3 Bd6 16. Ne5+ Bxe5 17. dxe5 Nc5 18. Rh2 Nd7 19. g4 fxg4 20. e4 Nxe5 21. exd5 Rd8 22. g3 Bf5 23. Rdh1 Rh8 24. dxc6 bxc6 25. Ba6 Rae8 26. Rd2 h4 27. Rd6+ Kg7 28. Bb7 hxg3 29. Rg1 Rh2 30. Rxg3 Nc4 0-1

[Event "Chigorin Memorial 26th"]
[Site "St Petersburg"]
[Date "2018.10.31"]
[Round "5"]
[White "Sapegin, Yaroslav"]
[Black "Vorobieva, Varvara"]
[Result "0-1"]
[WhiteElo "2046"]
[BlackElo "1760"]
[PlyCount "96"]
[EventDate "2018.10.27"]
[EventType "swiss"]
[EventRounds "9"]
[EventCountry "RUS"]
[SourceTitle "CBM 187 Extra"]
[Source "ChessBase"]
[SourceDate "2018.11.04"]
[SourceVersion "1"]
[SourceVersionDate "2018.11.04"]
[SourceQuality "1"]

1. d4 d5 2. c4 e6 3. Nf3 Nf6 4. g3 Be7 5. Bg2 0-0 6. 0-0 c6 7. Qc2 Nbd7 8. Bf4 c5 9. Nc3 a6 10. cxd5 Nxd5 11. Nxd5 exd5 12. Rfd1 c4 13. b3 Nb6 14. bxc4 Nxc4 15. Ne5 Nb6 16. Nxf7 Rxf7 17. Bc7 Bf5 18. e4 Qc8 19. Rac1 Bg4 20. f3 Nc4 21. fxg4 Qxc7 22. exd5 Rc8 23. d6 Qxd6 24. Bxb7 Rc7 25. Be4 Bg5 26. Rb1 g6 27. Qd3 Ne3 28. Re1 Nc2 29. Red1 Kg7 30. d5 Na3 31. Rb2 Nc4 32. Re2 Qc5+ 33. Kh1 Ne3 34. Rde1 Nxg4 35. Qxa6 Nf2+ 36. Kg2 Nxe4 37. Rxe4 Qxd5 38. Qe6 Rc2+ 39. Kh3 Qxe6+ 40. Rxe6 Rff2 41. Rh1 Rxa2 42. Rd6 h5 43. Rd3 Rg2 44. Rd4 Bf6 45. Re4 Rgf2 46. Re3 g5 47. g4 h4 48. Rd3 Be5 0-1

[Event "Chigorin Memorial 26th"]
[Site "St Petersburg"]
[Date "2018.10.28"]
[Round "2"]
[White "Moskaleva, Arina"]
[Black "Sapegin, Yaroslav"]
[Result "0-1"]
[WhiteElo "1675"]
[BlackElo "2046"]
[PlyCount "46"]
[EventDate "2018.10.27"]
[EventType "swiss"]
[EventRounds "9"]
[EventCountry "RUS"]
[SourceTitle "CBM 187 Extra"]
[Source "ChessBase"]
[SourceDate "2018.11.04"]
[SourceVersion "1"]
[SourceVersionDate "2018.11.04"]
[SourceQuality "1"]

1. e4 e5 2. Nf3 Nc6 3. Bc4 Bc5 4. c3 Nf6 5. d4 exd4 6. cxd4 Bb4+ 7. Bd2 Bxd2+ 8. Nbxd2 d5 9. exd5 Nxd5 10. 0-0 0-0 11. Ne4 Bg4 12. Ng3 Bxf3 13. Qxf3 Nb6 14. Bd3 Qxd4 15. Rad1 Qxb2 16. Ne4 Qe5 17. Rfe1 Rae8 18. h3 Nd4 19. Qe3 f5 20. Qc1 fxe4 21. Rxe4 Qxe4 22. Bxe4 Ne2+ 23. Kh1 Nxc1 0-1

[Event "Chigorin Memorial 26th"]
[Site "St Petersburg"]
[Date "2018.10.27"]
[Round "1"]
[White "Sapegin, Yaroslav"]
[Black "Khanin, Semen"]
[Result "0-1"]
[WhiteElo "2046"]
[BlackElo "2510"]
[PlyCount "80"]
[EventDate "2018.10.27"]
[EventType "swiss"]
[EventRounds "9"]
[EventCountry "RUS"]
[SourceTitle "CBM 187 Extra"]
[Source "ChessBase"]
[SourceDate "2018.11.04"]
[SourceVersion "1"]
[SourceVersionDate "2018.11.04"]
[SourceQuality "1"]

1. d4 Nf6 2. c4 e6 3. g3 c5 4. d5 exd5 5. cxd5 d6 6. Nc3 g6 7. Bg2 Bg7 8. Nf3 0-0 9. 0-0 a6 10. a4 Nbd7 11. Bf4 Qe7 12. Nd2 Nh5 13. Be3 Ne5 14. Qb3 Ng4 15. Nc4 Nxe3 16. Nxe3 Rb8 17. Qb6 Qd8 18. a5 Qxb6 19. axb6 Rd8 20. Nc4 Nf6 21. Rfe1 Ne8 22. e4 Bd7 23. Ra5 Rbc8 24. h4 Bd4 25. Bf3 h6 26. Kg2 g5 27. hxg5 hxg5 28. Nd1 g4 29. Be2 f5 30. Bd3 fxe4 31. Bxe4 Rb8 32. Nde3 Nf6 33. Nxd6 Bxb2 34. Nef5 Bc3 35. Rh1 Bxa5 36. Nh6+ Kg7 37. Bf5 Nxd5 38. Rh5 Ne7 39. Rg5+ Kf8 40. Be4 Bc6 0-1

[Event "St Petersburg Korchnoi Memorial op"]
[Site "St Petersburg"]
[Date "2018.08.19"]
[Round "5"]
[White "Sapegin, Yaroslav"]
[Black "Odegov, Artem"]
[Result "0-1"]
[WhiteElo "2016"]
[BlackElo "2266"]
[PlyCount "138"]
[EventDate "2018.08.15"]
[EventType "swiss"]
[EventRounds "9"]
[EventCountry "RUS"]
[SourceTitle "CBM 186 Extra"]
[Source "ChessBase"]
[SourceDate "2018.08.24"]
[SourceVersion "1"]
[SourceVersionDate "2018.08.24"]
[SourceQuality "1"]

1. d4 d5 2. Bf4 Nf6 3. Nc3 e6 4. e3 Be7 5. Nf3 0-0 6. h3 a6 7. Ne5 c5 8. a3 Nc6 9. Na4 Nxe5 10. Bxe5 Nd7 11. Bg3 b5 12. Nxc5 Nxc5 13. dxc5 Bxc5 14. Bd3 Qf6 15. Qh5 g6 16. Qe5 Qxe5 17. Bxe5 f6 18. Bc3 e5 19. Bb4 Bxb4+ 20. axb4 Bb7 21. 0-0 Rac8 22. Rac1 Rfd8 23. f3 e4 24. Be2 d4 25. fxe4 dxe3 26. Bd3 Rd4 27. Rce1 Bxe4 28. Rxe3 Bxd3 29. Rxd3 Rxd3 30. cxd3 Kf7 31. Ra1 Rc6 32. Kf2 Rc2+ 33. Ke3 Rxg2 34. Rxa6 Rxb2 35. Ra7+ Ke6 36. Rxh7 Rxb4 37. d4 g5 38. Rh6 Kf5 39. h4 Rb3+ 40. Ke2 g4 41. h5 Rb2+ 42. Ke3 b4 43. d5 Ke5 44. Kd3 f5 45. d6 Rb1 46. Rg6 Rd1+ 47. Kc4 Rxd6 48. Rxd6 Kxd6 49. h6 g3 50. h7 g2 51. h8Q g1Q 52. Qb8+ Ke6 53. Qe8+ Kf6 54. Kxb4 Qd4+ 55. Kb3 Qd5+ 56. Kc2 f4 57. Qf8+ Kg5 58. Qg7+ Kh4 59. Qg1 f3 60. Qf2+ Kg4 61. Qg1+ Kf4 62. Qc1+ Kf5 63. Qe3 Qe4+ 64. Kd2 Qf4 65. Kd3 Kg4 66. Qf2 Qg3 67. Ke3 Qe5+ 68. Kd2 Qb2+ 69. Ke3 Qb6+ 0-1

[Event "Chigorin Memorial 25th"]
[Site "St Petersburg"]
[Date "2017.10.29"]
[Round "9"]
[White "Zolotyh, Lev"]
[Black "Sapegin, Yaroslav"]
[Result "0-1"]
[WhiteElo "1831"]
[BlackElo "2007"]
[PlyCount "96"]
[EventDate "2017.10.21"]
[EventType "swiss"]
[EventRounds "9"]
[EventCountry "RUS"]
[SourceTitle "CBM 181 Extra"]
[Source "ChessBase"]
[SourceDate "2017.12.12"]
[SourceVersion "1"]
[SourceVersionDate "2017.12.12"]
[SourceQuality "1"]

1. d4 d5 2. c4 Nc6 3. Nc3 dxc4 4. Nf3 Nf6 5. e3 e5 6. d5 e4 7. dxc6 Qxd1+ 8. Kxd1 exf3 9. gxf3 Bc5 10. Bxc4 bxc6 11. Ke2 0-0 12. b3 Bf5 13. Bb2 Rfe8 14. Rhg1 Bg6 15. Rad1 Bd6 16. h4 Nh5 17. Rd4 Be5 18. Rd2 Bf6 19. Rd7 Rad8 20. Rxc7 Nf4+ 21. Ke1 Nd3+ 22. Bxd3 Rxd3 23. Na4 Bxh4 24. Ke2 Rdd8 25. Rxa7 Bd3+ 26. Kd2 g6 27. Bd4 Bxf2 28. Rg2 Bxe3+ 29. Kxd3 Rxd4+ 30. Kc3 Rf4 31. Rc7 Re6 32. Rc8+ Kg7 33. Re2 Rxf3 34. Kc4 h5 35. Nc3 Rf4+ 36. Kd3 Rd4+ 37. Kc2 Rdd6 38. a4 h4 39. a5 Bg1 40. a6 h3 41. Ne4 h2 42. Rxh2 Rxe4 43. Rh1 Bd4 44. Ra1 Bxa1 45. a7 Re2+ 46. Kc1 Bb2+ 47. Kb1 Rd1+ 48. Ka2 Ra1# 0-1

[Event "Chigorin Memorial 25th"]
[Site "St Petersburg"]
[Date "2017.10.27"]
[Round "7"]
[White "Pogorelskikh, Sergey"]
[Black "Sapegin, Yaroslav"]
[Result "1-0"]
[WhiteElo "2225"]
[BlackElo "2007"]
[PlyCount "61"]
[EventDate "2017.10.21"]
[EventType "swiss"]
[EventRounds "9"]
[EventCountry "RUS"]
[SourceTitle "CBM 181 Extra"]
[Source "ChessBase"]
[SourceDate "2017.12.12"]
[SourceVersion "1"]
[SourceVersionDate "2017.12.12"]
[SourceQuality "1"]

1. e4 e5 2. Nf3 Nc6 3. Bb5 Nf6 4. d3 Bc5 5. Bxc6 dxc6 6. 0-0 Qd6 7. Nbd2 Be6 8. Qe2 0-0 9. b3 Bd4 10. Nxd4 Qxd4 11. Ba3 Bg4 12. Nf3 Bxf3 13. Qxf3 Rfe8 14. Rab1 Nd7 15. Bb2 Qd6 16. Qg3 Re6 17. f4 Qc5+ 18. Rf2 Rg6 19. Qh3 Nf6 20. f5 Ng4 21. fxg6 Qxf2+ 22. Kh1 Nh6 23. gxf7+ Nxf7 24. Qf5 Qxc2 25. Rf1 Rf8 26. Bxe5 Qxa2 27. h3 Qa3 28. Qe6 Qb4 29. Kh2 Qb5 30. Rf5 Qb4 31. Rg5 1-0

[Event "Chigorin Memorial 25th"]
[Site "St Petersburg"]
[Date "2017.10.22"]
[Round "2"]
[White "Sapegin, Yaroslav"]
[Black "Shemakhanov, Danila"]
[Result "1-0"]
[WhiteElo "2007"]
[BlackElo "1542"]
[PlyCount "107"]
[EventDate "2017.10.21"]
[EventType "swiss"]
[EventRounds "9"]
[EventCountry "RUS"]
[SourceTitle "CBM 181 Extra"]
[Source "ChessBase"]
[SourceDate "2017.12.12"]
[SourceVersion "1"]
[SourceVersionDate "2017.12.12"]
[SourceQuality "1"]

1. d4 Nf6 2. Nf3 e6 3. c4 d5 4. g3 dxc4 5. Bg2 Nc6 6. Qa4 Bb4+ 7. Bd2 Nd5 8. Bxb4 Ndxb4 9. 0-0 0-0 10. a3 Nd5 11. Qxc4 Nb6 12. Qd3 e5 13. Nxe5 Nxe5 14. dxe5 Qxd3 15. exd3 Bf5 16. Bxb7 Rad8 17. Be4 Bxe4 18. dxe4 Rfe8 19. Nc3 Nc4 20. Rfd1 Nxe5 21. Rxd8 Rxd8 22. Rd1 Rxd1+ 23. Nxd1 Nc4 24. f4 Kf8 25. Kf2 Ke7 26. Ke2 Ke6 27. Kd3 Nb6 28. Kd4 Kd6 29. b4 a6 30. Ne3 g6 31. Nc4+ Ke6 32. Nxb6 cxb6 33. e5 h5 34. Ke4 Ke7 35. h3 Ke6 36. g4 h4 37. f5+ Ke7 38. fxg6 fxg6 39. Kd5 Kd7 40. e6+ Ke7 41. Ke5 a5 42. bxa5 bxa5 43. a4 Ke8 44. Kf6 Kf8 45. e7+ Ke8 46. g5 Kd7 47. Kf7 Kd6 48. e8Q Kc5 49. Qb5+ Kd4 50. Kxg6 Ke3 51. Qc4 Kf3 52. Kf5 Kg3 53. Qg4+ Kh2 54. Kf4 1-0

[Event "Chigorin Memorial 24th"]
[Site "St Petersburg"]
[Date "2016.10.21"]
[Round "7"]
[White "Sapegin, Yaroslav"]
[Black "Kaganskiy, Gleb"]
[Result "1/2-1/2"]
[WhiteElo "2013"]
[BlackElo "2226"]
[PlyCount "118"]
[EventDate "2016.10.15"]
[EventType "swiss"]
[EventRounds "9"]
[EventCountry "RUS"]
[SourceTitle "CBM 175 Extra"]
[Source "ChessBase"]
[SourceDate "2016.12.12"]
[SourceVersion "1"]
[SourceVersionDate "2016.12.12"]
[SourceQuality "1"]

1. d4 d5 2. c4 e6 3. Nf3 c6 4. g3 Nf6 5. Bg2 Bb4+ 6. Bd2 Be7 7. 0-0 b6 8. Qc2 Ba6 9. b3 0-0 10. Rd1 Nbd7 11. a4 Rc8 12. a5 Bb7 13. axb6 axb6 14. Ra7 Ba8 15. Nc3 c5 16. cxd5 Nxd5 17. Nxd5 Bxd5 18. e4 cxd4 19. Qb1 Ba8 20. Bf4 e5 21. Nxe5 Nc5 22. b4 Ne6 23. Bh3 Nxf4 24. gxf4 Rc3 25. Bg4 Bh4 26. Nxf7 Bxf2+ 27. Kf1 Rxf7 28. Be6 Bc6 29. Rxf7 Bb5+ 30. Kxf2 Qh4+ 31. Kg2 h5 32. Rf5+ Kh7 33. Rxb5 Qxf4 34. Rxh5+ Kg6 35. e5+ d3 36. Rxd3 Qe4+ 37. Rf3 Rc2+ 38. Qxc2 Qxc2+ 39. Kg3 Kxh5 40. Bf7+ Kh6 41. e6 g6 42. Re3 Qc7+ 43. Kf3 Qe7 44. Re4 g5 45. Ke3 Kg7 46. Rd4 Kf6 47. h4 Ke5 48. Re4+ Kf5 49. h5 g4 50. Bg6+ Kg5 51. Re5+ Kh6 52. Re4 Qg5+ 53. Kd3 g3 54. e7 Qb5+ 55. Kc3 Qc6+ 56. Kb3 Qd5+ 57. Kc3 Qc6+ 58. Kb3 Qd5+ 59. Kc3 Qc6+ 1/2-1/2